000 00367nam a22001577a 4500
003 MPLRDC
005 20220104143228.0
008 210129b ||||| |||| 00| 0 eng d
082 _a997.4 ZZZ
100 _a张子禅
245 _a猜谜与推理
_c
260 _a
_b旋风出版社
_c
300 _b
650 _a智力游戏--谜语
942 _cBK
_o997.4 ZZZ
999 _c37859
_d37849